Stray Kids Japanese Songs (up to Do It) - Statistics

General Stats
  • This quiz has been taken 20 times
  • The average score is 24 of 40
Answer Stats
Japanese songs % Correct
CIRCUS
89%
Hollow
83%
All In
78%
GIANT
78%
Falling Up
72%
Parade
72%
The Sound
72%
Case 143
67%
Chk Chk Boom
67%
Fam
67%
God's Menu
67%
NIGHT
67%
Scars
67%
Social Path (feat. LiSA)
67%
Back Door
61%
Christmas Love
61%
FATE
61%
just a little
61%
Lost Me
61%
MANIAC
61%
Novel
61%
Slump
61%
There
61%
Thunderous
61%
Top
61%
Battle Ground
56%
Never Alone
56%
One Day
56%
Saiyan
56%
Super Bowl
56%
VENOM
56%
WHY?
56%
Your Eyes
56%
DLMLU
50%
Butterflies
44%
CALL
44%
Chill
33%
Fairytail
22%
Silent Cry
22%
Aiwokuretanoninaze
11%
No matching quizzes found
Score Distribution
Percent of People with Each Score
Percentile by Number Answered
Your Score History
You have not taken this quiz